000 00320 a2200157 4500
001 70390
020 _a9788576769163
040 _cAnchieta - Itaigara
100 _aMattel Europa B.V.
240 1 0 _aBarbie
_lpor
245 1 0 _aBarbie
300 _a29
362 0 _a2007
650 4 _aLiteratura infantil
942 _cBK
999 _c70390
_d70390